Загрузка...
Indian swathanthryasamara charithram
| Главный автор: | |
|---|---|
| Формат: | Printed Book |
| Опубликовано: |
Trivandrum
Chintha publishers
2009
|
| Предметы: |
| LEADER | 00423nam a22001217a 4500 | ||
|---|---|---|---|
| 082 | |a 954.05 |b EMS.I | ||
| 100 | |a EMS | ||
| 245 | |a Indian swathanthryasamara charithram | ||
| 260 | |a Trivandrum |b Chintha publishers |c 2009 | ||
| 650 | |a India- freedom struggle- history | ||
| 942 | |c BK | ||
| 999 | |c 4812 |d 4812 | ||
| 952 | |0 0 |1 0 |4 0 |6 954_050000000000000_EMS_I |7 0 |8 NFIC |9 4795 |a CAMPUS |b CAMPUS |d 2015-06-01 |l 0 |o 954.05 EMS.I |p 15929 |r 2015-06-01 |w 2015-06-01 |y BK | ||